FIFA Weltmeisterschaft Rangliste - Statistiken

Allgemein
  • Dieses Quiz wurde 832 mal gespielt
  • Das Durchschnittsergebnis liegt bei 19 aus 24
Antwortstatistiken
Land Titel Jahr(e) 2. Platz 3. Platz 4.Platz Finale Halbfinale % Korrekt
Deutschland 4 19541974 1990 2014 4 4 1 8 13
100%
Brasilien 5 19581962 1970 1994 2002 2 2 2 7 11
99%
Argentinien 2 19781986 3 5 5
97%
Frankreich 2 19982018 1 2 1 3 6
97%
Italien 4 19341938 1982 2006 2 1 1 6 8
97%
Spanien 1 2010 1 1 2
97%
England 1 1966 2 1 3
93%
Uruguay 2 19301950 3 2 5
92%
Niederlande 3 1 1 3 5
90%
Belgien 1 1 2
85%
Portugal 1 1 2
84%
Kroatien 1 1 1 2
81%
Schweden 1 2 1 1 4
78%
USA 1 1
77%
Ungarn 2 2 2
76%
Polen 2 2
72%
Türkei 1 1
68%
Chile 1 1
65%
Österreich 1 1 2
65%
Südkorea 1 1
64%
Sowjetunion 1 1
57%
Jugoslawien 2 2
52%
Bulgarien 1 1
49%
Tschechoslowakei 2 2 2
44%
Keine übereinstimmenden Quizze gefunden
Verteilung der Resultate
Anzahl Personen mit jedem Resultat
Perzentil nach korrekt beantworteten Fragen
Ihre Resultats-Entwicklung
Sie haben dieses Quiz noch nicht gespielt